书目信息 |
| 题名: |
分子生物学实验室工作汉英图解指南
|
|
| 作者: | 萨梅特 , Samet 著 | |
| 分册: | ||
| 出版信息: | 北京 科学出版社 2004.4 |
|
| 页数: | 114页 | |
| 开本: | 21cm | |
| 丛书名: | ||
| 单 册: | ||
| 中图分类: | Q-33 | |
| 科图分类: | ||
| 主题词: | 分子生物学--实验室实验--名词术语--汉、英 , 分子生物学--实验室设备--图解 , 分子生物学 , 实验室实验 , 名词术语 | |
| 电子资源: | ||
| ISBN: | 7-03-013138-X | |
| 000 | 01109nam0 2200289 45 | |
| 001 | 012004000000 | |
| 005 | 20050114152236.76 | |
| 010 | @a7-03-013138-X@dCNY 45.00 | |
| 100 | @a20041110d2004 em y0chiy0121 ea | |
| 101 | 2 | @achi@aeng@ceng |
| 102 | @aCN@b110000@aUN | |
| 105 | @aak z 000yy | |
| 200 | 1 | @a分子生物学实验室工作汉英图解指南@Afen zi sheng wu xue shi yan shi gong zuo han ying tu jie zhi nan@dAn illustrated Chinese-English guide for biomedicalscientists@f(美)萨梅特(James M.Samet)...[等]编著@zeng |
| 210 | @a北京@c科学出版社@a纽约@c美国冷泉港实验室出版社@d2004.4 | |
| 215 | @a114页@c图, 表格@d21cm | |
| 304 | @a本书其他编著者: Weidong Wu, Wuh-Chin T.Huang, Xinchao WANG | |
| 510 | 1 | @aAn illustrated Chinese-English guide for biomedicalscientists@zeng |
| 606 | 0 | @a分子生物学@x实验室实验@x名词术语@x汉、英 |
| 606 | 0 | @a分子生物学@x实验室设备@j图解 |
| 606 | 0 | @a分子生物学 |
| 606 | 0 | @a实验室实验 |
| 606 | 0 | @a名词术语 |
| 690 | @aQ-33@v4 | |
| 701 | 1 | @a萨梅特@Asa mei te@bJ. N.@4著 |
| 701 | A1 | @aSamet@bJames M.@4著 |
| 801 | 0 | @aCN@bQSSK@c20050114 |
| 905 | @a10447@dQ-33@eS006 | |
| 分子生物学实验室工作汉英图解指南=An illustrated Chinese-English guide for biomedicalscientists/(美)萨梅特(James M.Samet)...[等]编著.-北京:科学出版社;纽约:美国冷泉港实验室出版社,2004.4 |
| 114页:图, 表格;21cm |
| ISBN 7-03-013138-X:CNY 45.00 |
| ● |
| 相关链接 |
|
|
|
正题名:分子生物学实验室工作汉英图解指南
索取号:Q-33/S006
 
预约/预借
| 序号 | 登录号 | 条形码 | 馆藏地/架位号 | 状态 | 备注 |
| 1 | 437732 | 204377325 | 自科库401/401自科库 23排4列5层/ [索取号:Q-33/S006] | 在馆 | |
| 2 | 437733 | 204377334 | 自科库401/401自科库 23排4列5层/ [索取号:Q-33/S006] | 在馆 |